Unit 4 Ideology + Beliefs Vocab - Statistics

General Stats
  • This quiz has been taken 6 times
  • The average score is 5 of 15
Answer Stats
Hint Answer % Correct
What type of poll is given to a person after they vote and are leaving the polling place? exit
67%
When one group views/experiences a historic event different from another group of a different age that shapes their views is called the __ effect generation
67%
What American core value centers around the idea that people are responsible for themselves and the decisions they make? individualism
67%
What economic policy is favored by democrats to stimulate the economy during a recession and is associated with more government regulations, higher taxes? (Keynesian or supply side) keynesian
67%
What economic policy is favored by republicans and is associated with fewer regulations, cutting government spending, and decrease in taxes? (Keynesian or supply side) supply side
67%
When conducting a poll the actual group of people you survey refers to the __ or slice of the total population. sample
50%
When your views on political issues change overtime based on your age is called the __ effect life cycle
33%
The most important factor for people developing their political beliefs is the family
17%
What item must be low for a poll to be considered very accurate or valid? margin of error
17%
actions have consequences describes rule of law
17%
What American core value guarantees that there is a level playing field giving each person the same chance to get something? equality of opportunity
0%
What American core value centers around an economic idea that there should be very little government intrusion on business transactions? free enterprise
0%
What term refers to how the American people view politicians in government? public opinion
0%
The term for how people develop their beliefs and attitudes on government issues such as taking a government class in school is called political __ socialization
0%
The total group of people a poll seeks to collect information from is called the universe
0%
No matching quizzes found
Score Distribution
Percent of People with Each Score
Percentile by Number Answered
Your Score History
You have not taken this quiz